| Tag |
First Indicator |
Second Indicator |
Subfields |
| LEADER |
00000pam a22000004a 4500 |
| 001 |
in00004499343 |
| 005 |
20191203131220.0 |
| 008 |
031016s2004 moua b 001 0 eng |
| 010 |
|
|
|a 2003066605
|
| 016 |
7 |
|
|a 101194606
|2 DNLM
|
| 020 |
|
|
|a 0323024971
|
| 035 |
|
|
|a (OCoLC)ocm53306699
|
| 035 |
|
|
|z (UtOrBLW)37138
|
| 035 |
|
|
|a 53971
|
| 040 |
|
|
|a DNLM/DLC
|c DLC
|d YDX
|d NLM
|d UtOrBLW
|
| 042 |
|
|
|a pcc
|
| 049 |
|
|
|a TMVM
|c 1
|
| 050 |
0 |
0 |
|a RC732
|b .C565 2004
|
| 060 |
1 |
0 |
|a WF 140
|b C641 2004
|
| 082 |
0 |
0 |
|a 616.2
|2 22
|
| 245 |
0 |
0 |
|a Clinical respiratory medicine /
|c [edited by] Richard K. Albert, Stephen G. Spiro, James R. Jett.
|
| 250 |
|
|
|a Second edition.
|
| 264 |
|
1 |
|a St. Louis :
|b Mosby,
|c [2004]
|
| 264 |
|
4 |
|c ©2004
|
| 300 |
|
|
|a xvii, 889 pages :
|b illustrations (some color) ;
|c 29 cm.
|
| 336 |
|
|
|a text
|2 rdacontent
|b txt
|
| 337 |
|
|
|a unmediated
|2 rdamedia
|
| 338 |
|
|
|a volume
|2 rdacarrier
|b nc
|
| 500 |
|
|
|a Revised edition of: Comprehensive respiratory medicine, c1999.
|
| 504 |
|
|
|a Includes bibliographical references and index.
|
| 505 |
0 |
|
|a Structure and function -- Physiology -- Host defenses -- Techniques and indications -- Principles of respiratory care -- An approach to respiratory symptoms -- Infectious disease -- Acquired immunodeficiency syndrome and the lung -- Airway diseases -- Lung tumors -- Diffuse lung diseases -- Pulmonary manifestations of systemic conditions -- Pulmonary vascular disorders, vasculitides, and hemorrhage -- Occupational and environmental lung disease -- Pleural diseases -- Acute repiratory distress syndrome -- Toxic inhalational lung injury -- Chest wall disorders -- Disorders of the mediastinum -- Disorders of ventilatory control -- Drugs and the lungs -- Lung transplantation
|
| 650 |
|
2 |
|a Respiratory Tract Diseases.
|
| 700 |
1 |
|
|a Albert, Richard K.
|
| 700 |
1 |
|
|a Spiro, Stephen G.
|
| 700 |
1 |
|
|a Jett, James R.
|
| 730 |
0 |
|
|a Comprehensive respiratory medicine.
|
| 948 |
|
|
|a PO 8586
|
| 948 |
|
|
|a 3rd edition not purchased; 0/1 use on 2nd edition; 5/7/08 ngb
|
| 999 |
|
|
|a MARS
|
| 999 |
f |
f |
|s dff7035f-a788-33bf-94c9-0b2917a13e17
|i c8ed969e-bde8-3862-9fc3-eab8b2f0be5c
|t 0
|
| 952 |
f |
f |
|p ric
|a Texas A&M University
|b Rellis Campus
|c Joint Library Facility
|d Remote Storage
|t 0
|e WF 140 C641 2004
|h National Library of Medicine classification
|i unmediated -- volume
|m 323890187248C
|
| 998 |
f |
f |
|a WF 140 C641 2004
|t 0
|l Remote Storage
|